000 00733nam a2200241Ia 4500
003 OSt
005 20220926014713.0
006 a|||||r|||| 00| 0
007 ta
008 220923b |||||||| |||| 00| 0 eng d
037 _cGeneral Book
040 _aRTL
_cRTL
_beng
041 _2eng
_aeng
082 _aX:87, L3
100 _aHumble John Ed.
_9321014
245 0 _aImproving the performance of the experienced manag
260 _aNew York
_bMcGraw-Hill USA
_c1973
300 _axx, 346p. Bibliography at the end of each chapter
_ccm.
490 _aMcGraw-Hill European series in management
650 _aExecutive
_9233834
942 _hX:87, L3
_cGB
_2CC
999 _c629669
_d629669